000 00293nam a22001217a 4500
008 170830b xxu||||| |||| 00| 0 eng d
041 _aeng
080 _a070
100 _a39
101 _aMED
245 _aTHE MEDIA AT WAR: THE PRESS AND PERSIAN GULF CONFLICT
_cDENNIS,E.E
942 _2udc
_cBK
999 _c25494
_d25494